<?xml version="1.0" encoding="UTF-8"?>
<record
    xmlns:xsi="http://www.w3.org/2001/XMLSchema-instance"
    xsi:schemaLocation="http://www.loc.gov/MARC21/slim http://www.loc.gov/standards/marcxml/schema/MARC21slim.xsd"
    xmlns="http://www.loc.gov/MARC21/slim">

  <leader>01449nam a2200337 a 4500</leader>
  <controlfield tag="001">000048941</controlfield>
  <controlfield tag="003">OSt</controlfield>
  <controlfield tag="005">20240311112321.0</controlfield>
  <controlfield tag="008">190506s2020    dr a    r     000 0 spa d</controlfield>
  <datafield tag="020" ind1=" " ind2=" ">
    <subfield code="a"> </subfield>
  </datafield>
  <datafield tag="022" ind1=" " ind2=" ">
    <subfield code="2">9789945093391</subfield>
  </datafield>
  <datafield tag="040" ind1=" " ind2=" ">
    <subfield code="a">DO-SdBNP</subfield>
    <subfield code="b">spa</subfield>
    <subfield code="c">BNPHU</subfield>
  </datafield>
  <datafield tag="082" ind1=" " ind2="4">
    <subfield code="a">371.19206</subfield>
    <subfield code="b">A837u</subfield>
    <subfield code="2">22</subfield>
  </datafield>
  <datafield tag="110" ind1="2" ind2=" ">
    <subfield code="a">Asociaci&#xF3;n Dominicana de Profesores </subfield>
    <subfield code="9">77682</subfield>
  </datafield>
  <datafield tag="245" ind1="1" ind2="0">
    <subfield code="a">Unidad en la diversidad : </subfield>
    <subfield code="b">50 a&#xF1;os de historia de Asociaci&#xF3;n Dominicana de Profesores (ADP)  /</subfield>
    <subfield code="c">editor Enrique de Le&#xF3;n ; transcripci&#xF3;n Victoria Richardson Castillo </subfield>
  </datafield>
  <datafield tag="250" ind1=" " ind2=" ">
    <subfield code="a">2a. ed. </subfield>
  </datafield>
  <datafield tag="260" ind1=" " ind2=" ">
    <subfield code="a">Santo Domingo :</subfield>
    <subfield code="b">Asociaci&#xF3;n Dominicana de Profesores,</subfield>
    <subfield code="c">2020</subfield>
  </datafield>
  <datafield tag="300" ind1=" " ind2=" ">
    <subfield code="a">368 p. ;</subfield>
    <subfield code="b"> </subfield>
    <subfield code="c">26 cm.</subfield>
  </datafield>
  <datafield tag="500" ind1=" " ind2=" ">
    <subfield code="a"> In memoriam: Milagros pineda, Jacobo Moquete de la Rosa, Enriquillo de Le&#xF3;n Fr&#xED;as : integrantes de la primera direcci&#xF3;n de la Asociaci&#xF3;n Dominicana de Profesores, ADP</subfield>
  </datafield>
  <datafield tag="500" ind1=" " ind2=" ">
    <subfield code="a"> </subfield>
  </datafield>
  <datafield tag="504" ind1=" " ind2=" ">
    <subfield code="a"> </subfield>
  </datafield>
  <datafield tag="590" ind1=" " ind2=" ">
    <subfield code="a">Inventariado, 2021/VM</subfield>
  </datafield>
  <datafield tag="610" ind1="2" ind2="0">
    <subfield code="a">Asociaci&#xF3;n Dominicana de Profesores </subfield>
    <subfield code="x"> Historia</subfield>
    <subfield code="y">1970-2020</subfield>
    <subfield code="9">77682</subfield>
  </datafield>
  <datafield tag="650" ind1=" " ind2="4">
    <subfield code="a">Maestros </subfield>
    <subfield code="z">Rep&#xFA;blica Dominicana </subfield>
    <subfield code="x">Historia </subfield>
    <subfield code="y">1970-2020</subfield>
    <subfield code="9">77684</subfield>
  </datafield>
  <datafield tag="650" ind1=" " ind2="4">
    <subfield code="a">Sindicatos de maestros </subfield>
    <subfield code="z">Rep&#xFA;blica Dominicana </subfield>
    <subfield code="9">17391</subfield>
    <subfield code="x">Histora</subfield>
    <subfield code="y">1970-2020</subfield>
  </datafield>
  <datafield tag="650" ind1=" " ind2="4">
    <subfield code="a">Pol&#xED;tica educativa </subfield>
    <subfield code="z">Rep&#xFA;blica Dominicana</subfield>
    <subfield code="9">10500</subfield>
    <subfield code="x">Historia</subfield>
    <subfield code="y">1970-2020</subfield>
  </datafield>
  <datafield tag="700" ind1="1" ind2=" ">
    <subfield code="a">Le&#xF3;n, Enrique de  </subfield>
    <subfield code="9">2049</subfield>
  </datafield>
  <datafield tag="700" ind1="1" ind2=" ">
    <subfield code="a">Richardson Castillo, Victoria</subfield>
    <subfield code="9">77719</subfield>
  </datafield>
  <datafield tag="910" ind1=" " ind2=" ">
    <subfield code="a">VMateo /Validado, 2021/MFF</subfield>
  </datafield>
  <datafield tag="942" ind1=" " ind2=" ">
    <subfield code="2">ddc</subfield>
    <subfield code="c">LBS1</subfield>
  </datafield>
  <datafield tag="952" ind1=" " ind2=" ">
    <subfield code="0">0</subfield>
    <subfield code="1">0</subfield>
    <subfield code="2">ddc</subfield>
    <subfield code="5">1</subfield>
    <subfield code="7">2</subfield>
    <subfield code="8">PD</subfield>
    <subfield code="a">BNPHU</subfield>
    <subfield code="b">PD</subfield>
    <subfield code="c">HD</subfield>
    <subfield code="d">2021-01-13</subfield>
    <subfield code="e">ADP</subfield>
    <subfield code="l">0</subfield>
    <subfield code="o">BNPHU PD  371.19206 A837u 2020</subfield>
    <subfield code="p">2021-0088</subfield>
    <subfield code="r">2021-01-13</subfield>
    <subfield code="t">e. 2</subfield>
    <subfield code="w">2021-01-13</subfield>
    <subfield code="y">LFPD</subfield>
  </datafield>
  <datafield tag="952" ind1=" " ind2=" ">
    <subfield code="0">0</subfield>
    <subfield code="1">0</subfield>
    <subfield code="2">ddc</subfield>
    <subfield code="5">1</subfield>
    <subfield code="7">1</subfield>
    <subfield code="8">PD</subfield>
    <subfield code="a">BNPHU</subfield>
    <subfield code="b">PD</subfield>
    <subfield code="c">HD</subfield>
    <subfield code="d">2021-01-13</subfield>
    <subfield code="e">ADP</subfield>
    <subfield code="l">0</subfield>
    <subfield code="o">BNPHU PD 371.19206 A837u 2020</subfield>
    <subfield code="p">2021-0089</subfield>
    <subfield code="r">2021-01-13</subfield>
    <subfield code="w">2021-01-13</subfield>
    <subfield code="y">LFPD</subfield>
  </datafield>
  <datafield tag="952" ind1=" " ind2=" ">
    <subfield code="0">0</subfield>
    <subfield code="1">0</subfield>
    <subfield code="2">ddc</subfield>
    <subfield code="5">6</subfield>
    <subfield code="7">0</subfield>
    <subfield code="8">DS</subfield>
    <subfield code="a">BNPHU</subfield>
    <subfield code="b">GR</subfield>
    <subfield code="c">HD</subfield>
    <subfield code="d">2021-01-13</subfield>
    <subfield code="e">ADP</subfield>
    <subfield code="l">0</subfield>
    <subfield code="o">BNPHU DS 371.19206 A837u 2020</subfield>
    <subfield code="p">2021-0090</subfield>
    <subfield code="r">2021-01-13</subfield>
    <subfield code="t">e.3</subfield>
    <subfield code="w">2021-01-13</subfield>
    <subfield code="y">LFDS</subfield>
  </datafield>
  <datafield tag="999" ind1=" " ind2=" ">
    <subfield code="c">49324</subfield>
    <subfield code="d">49324</subfield>
  </datafield>
</record>
